Normal view
MARC view
- Tarapov, L. E, Borisenko, A. I
Entry Personal Name
001 - CONTROL NUMBER
- control field: 67307
003 - CONTROL NUMBER IDENTIFIER
- control field: NUST
005 - DATE AND TIME OF LATEST TRANSACTION
- control field: 20210628203803.0
008 - FIXED-LENGTH DATA ELEMENTS
- fixed length control field: 210628|| aca||aabn | a|a d
040 ## - CATALOGING SOURCE
- Original cataloging agency: NUST
- Transcribing agency: NUST
100 ## - HEADING--PERSONAL NAME
- Personal name: Tarapov, L. E, Borisenko, A. I
670 ## - SOURCE DATA FOUND
- Source citation: Work cat.: (NUST): Tarapov, L. E, Borisenko, A. I, Vector and tensor analysis with applications, 1998
